000 00789nam a2200265 i 4500
001 66707
003 ES-MaACL
005 20250802101700.0
007 t|
008 030523s2003 sp ||||0| spa d
020 _a84-8306-528-2
040 _aM-BN
_bspa
_cM-BN
080 _a821.111(73)-31"19"
100 1 _aSinger, Isaac Bashevis.
_9106625
245 1 3 _aLa casa de Jampol /
_cIsaac Bashevis Singer ; traducción de Andrés Bosch.
250 _a1ª ed.
260 _a[Barcelona] :
_bDebate,
_c2003.
300 _a509 p. ;
_c22 cm.
490 1 _aNarrativa. Punto de rescate
700 1 _aBosch, Andrés,
_d1926-1984
_9160182
830 0 _aNarrativa. Punto de rescate
_9230829
852 _aES-MaACL
_jL-27213
_bR.132811
999 _c66707
_d66707